LDR 00777naa#a2200157#i#450# 001 EN\\bibl\19777 005 20260603022951.3 100 ## _a20260601b2026####ek#y0engy0150####ca 102 ## _aRU 200 1# _aANTHROPOGENIC DYNAMICS OF FOREST ECOSYSTEMS IN THE PROCESS OF GREENING OLYMPIC COMPLEXES _eConference article/thesis 210 1# _aVoronezh _cFSBE Institution of Higher Education Voronezh State University of Forestry and Technologies named after G.F. Morozov _d2026 215 ## _a6 с. 608 ## _aConference article/thesis _2local 675 ## _aЛесное хозяйство. Лесоводство. 630 _aОхрана окружающей среды. Управление качеством окружающей среды .. 504.06 _z 700 #1 _aPodlaskina _gS. Yu. 856 4# _abibl.vgltu.ru _u